skbl

Dr Suryya Kumar Bhuyan Library Web-OPAC
ডঃ সূৰ্য্য
কুমাৰ ভূঞা পুথিভঁৰাল ৱেব-অ'পেক

All Research Scholars are advised to clear the annual library fees to continue using Library Resources, Remote Access, Plagiarism Test and Library Clearance.

Cotton University Book Fair 2026

The Frontiers Drama / (Record no. 37618)

MARC details
000 -LEADER
fixed length control field 00414nam a2200169Ia 4500
001 - CONTROL NUMBER
control field 37642
005 - DATE AND TIME OF LATEST TRANSACTION
control field 20240114001939.0
007 - PHYSICAL DESCRIPTION FIXED FIELD--GENERAL INFORMATION
fixed length control field ta
008 - FIXED-LENGTH DATA ELEMENTS--GENERAL INFORMATION
fixed length control field 070614s a g b000 u u
082 ## - DEWEY DECIMAL CLASSIFICATION NUMBER
Classification number 822.9109
Item number El 56 F
100 ## - MAIN ENTRY--PERSONAL NAME
Personal name Farmor, Una Eluis .
245 #0 - TITLE STATEMENT
Title The Frontiers Drama /
Statement of responsibility, etc. Una Eluis Farmor.
Medium Textual Documents
300 ## - PHYSICAL DESCRIPTION
Other physical details ill ;
653 ## - INDEX TERM--UNCONTROLLED
Uncontrolled term English Drama
942 ## - ADDED ENTRY ELEMENTS (KOHA)
Source of classification or shelving scheme Dewey Decimal Classification
Koha item type Books
Holdings
Withdrawn status Lost status Damaged status Not for loan Collection Home library Current library Date acquired Coded location qualifier Total checkouts Full call number Barcode Date last seen Copy number Price effective from Koha item type
          Dr. Suryya Kumar Bhuyan Library Dr. Suryya Kumar Bhuyan Library 01/02/2012 00000   822.9109 El 56 F 69032 14/01/2024 1 01/02/2012 Books

Designed and Maintained by Team SKBL
©1901-2026

Powered by Koha